00653nam a2200157Ia 4500008004100000100002600041245013200067245006300199260005300262260001800315300000800333650001500341856004700356999001900403952007300422170221s9999 xx 000 0 und d aMeyske A. Rahantoknam aLoyalty or Inertia? Customer Perspective on Traditional Micro-Retailing of Fisheries Commodities in Small Islands Coastal Area  cMeyske A. Rahantoknam, Wellem A. Teniwut, Anna M. Ngabalin bInternational Review of Management and Marketing cNovember 2016 a5:4 xMarketing. uhttp://www.econjournals.com/index.php/irmm c309933d309933 001040aCLbCLd2017-02-21l0r2017-02-21 00:00:00w2017-02-21yFOJ